| 000 | 00694nam a2200277Ia 4500 | ||
|---|---|---|---|
| 005 | 20260324113019.0 | ||
| 008 | 008 260324s9999 xx 000 0 eng d | ||
| 020 | _a9781003229865 | ||
| 037 | _aEBOOK | ||
| 040 | _aCRL | ||
| 040 | _beng | ||
| 040 | _cCRL | ||
| 041 | _2eng | ||
| 041 | _aeng | ||
| 084 | _qCRL | ||
| 100 |
_aVarun Goel; Wei Wang; Bengt Sunden _91145073 |
||
| 245 | 0 | _aAdvances in Heat Transfer Augmentation Techniques in Single-Phase Flows | |
| 260 | _bTaylor and Francis | ||
| 260 | _c2024 | ||
| 365 | _a | ||
| 365 | _b290 | ||
| 856 | _uhttp://www.taylorfrancis.com/books/9781003229865 | ||
| 942 | _cEBOOK | ||
| 999 |
_c1734494 _d1734494 |
||